Une photo, un nom - Compositeurs - Statistiques

Statistiques générales
  • Ce quiz a été pris 275 fois
  • Le résultat moyen est 10 sur 15
Statistiques - réponses
Par images Réponse % Correct
Wolfgang Amadeus MOZART
100%
Ludwig van BEETHOVEN
99%
Jean-Sébastien BACH
90%
Antonio VIVALDI
86%
Frédéric CHOPIN
78%
Richard WAGNER
72%
Claude DEBUSSY
70%
Maurice RAVEL
64%
Franz LISZT
55%
Edvard GRIEG
53%
Piotr Ilitch TCHAIKOVSKI
53%
Robert SCHUMANN
44%
Hector BERLIOZ
43%
Jacques OFFENBACH
35%
Dmitri CHOSTAKOVITCH
31%
Aucun quiz correspondant
Distribution des résultats
% des personnes avec chaque résultat
Percentile par nombre de réponses
Votre historique - résultats
Vous n’avez pas pris ce quiz